| 000 | 00562nam a2200193Ia 4500 | ||
|---|---|---|---|
| 003 | GCL | ||
| 008 | 140319s9999 xx 000 0 ara d | ||
| 040 |
_aGCL / _cGCL |
||
| 082 | 0 | 4 |
_a330.15 _bل م |
| 100 | 1 | _aممدوح حقى | |
| 245 | 1 | 0 |
_aالمذاهب الاقتصادية / _cممدوح حقى |
| 700 | 1 | _aلاجوجى جوزف | |
| 260 |
_a[S.N] : _bمنشورات عويدان |
||
| 300 | _a151 ص | ||
| 490 |
_aسلسلة زدنى علما _v0 |
||
| 650 | 0 | 4 | _aالاقتصاد |
| 650 | 0 | 4 | _aالمذاهب الاقتصادية |
| 942 |
_2ddc _cBK |
||
| 999 |
_c35922 _d35922 |
||